000 00366nam a2200133Ia 4500
008 100328s9999 xx 000 0 und d
082 _b3061
100 _aप्रेमचन्द
245 _aप्रतिज्ञा
260 _bसरस्वती
630 _aप्रतिज्ञा
730 _aप्रतिज्ञा
942 _cBOOK
999 _c499215
_d499212